000 00428nam a22001697a 4500
003 NUST - PNEC
005 20170116181155.0
008 160111b xxu||||| |||| 00| 0 eng d
020 _a-
040 _cLIBRARY
082 _a891.4391 IQB
100 _915842
_aIqbal, Allama Muhammad
245 _aBal E Jibreel
_cAllama Muhammad Iqbal
260 _aLahore:
650 _915843
_aUrdu Literature
_xGeneral
942 _2ddc
_cBK
999 _c71165
_d71165